The 1930s house explained (Record no. 108853)
[ view plain ]
| 000 -LEADER | |
|---|---|
| fixed length control field | 01254cam a22002655a 4500 |
| 001 - CONTROL NUMBER | |
| control field | L145673 |
| 008 - FIXED-LENGTH DATA ELEMENTS--GENERAL INFORMATION | |
| fixed length control field | 110901s2006 xxkabeof 001 0 eng d |
| 020 ## - INTERNATIONAL STANDARD BOOK NUMBER | |
| International Standard Book Number | 9781846740022 |
| 035 ## - SYSTEM CONTROL NUMBER | |
| System control number | (Sirsi) u145673 |
| 041 0# - LANGUAGE CODE | |
| Language code of text/sound track or separate title | eng |
| 050 04 - LIBRARY OF CONGRESS CALL NUMBER | |
| Classification number | 720.9 $2 18 |
| 100 1# - MAIN ENTRY--PERSONAL NAME | |
| Personal name | Yorke, Trevor |
| 245 04 - TITLE STATEMENT | |
| Title | The 1930s house explained |
| 260 ## - PUBLICATION, DISTRIBUTION, ETC. | |
| Place of publication, distribution, etc. | Newbury |
| Name of publisher, distributor, etc. | Countryside Books |
| Date of publication, distribution, etc. | 2006 |
| 300 ## - PHYSICAL DESCRIPTION | |
| Extent | 128p. |
| Other physical details | ill. |
| Dimensions | 21cm. |
| 350 ## - PRICE (NR) (BK AM CF MU VM SE) [OBSOLETE] | |
| Price | 7.99 |
| 505 2# - FORMATTED CONTENTS NOTE | |
| Formatted contents note | The history of the 1930s house -- The 1930s house in detail -- Epilogue: The second World War and the aftermath -- Quick reference guide -- Dating houses -- Bibliography -- Places to visit -- Glossary -- Index |
| 520 ## - SUMMARY, ETC. | |
| Summary, etc. | Presents the 1930s house and the Art Deco architecture style associated with it. Relates the history of the period, as it had an impact on how houses were built. Describes the different rooms, gardens and garages and their fittings. Provides illustrations, diagrams and photographs. Contains a quick reference guide, notes on how to date houses, a glossary of unfamiliar terms, and places to visit. |
| 521 ## - TARGET AUDIENCE NOTE | |
| Target audience note | Advanced |
| 590 ## - LOCAL NOTE (RLIN) | |
| Local note | KA |
| 651 #4 - SUBJECT ADDED ENTRY--GEOGRAPHIC NAME | |
| Geographic name | England and Wales |
| Chronological subdivision | 1543- |
| 690 ## - LOCAL SUBJECT ADDED ENTRY--TOPICAL TERM (OCLC, RLIN) | |
| Topical term or geographic name as entry element | BUILT ENVIRONMENT-CONSTRUCTION DESIGN-ARCHITECTURAL DESIGN |
| 942 ## - ADDED ENTRY ELEMENTS (KOHA) | |
| Suppress in OPAC | 0 |
| Withdrawn status | Lost status | Source of classification or shelving scheme | Damaged status | Not for loan | Home library | Current library | Shelving location | Date acquired | Cost, normal purchase price | Total Checkouts | Full call number | Barcode | Date last seen | Date last checked out | Copy number | Cost, replacement price | Price effective from | Koha item type |
|---|---|---|---|---|---|---|---|---|---|---|---|---|---|---|---|---|---|---|
| Dewey Decimal Classification | London | London | Books | 12/11/2008 | 7.99 | 3 | 720.9 YOR | 30076293 | 06/08/2019 | 20/10/2009 | 1 | 7.99 | 06/08/2019 | Book |